000 00552nam a2200181Ia 4500
001 23095
005 20260414150914.0
008 260414t2015||||xx |||||||||||||| ||spa||
041 _aESP
082 _a624.1834
_bM96
100 _aMuñoz Muñoz, Harold Alberto
_eAUT
245 0 _aConstrucción, interventoría y supervisión técnica de las edificaciones de concreto estructural :
_bsegún el reglamento colombiano NSR-10
260 _c2015
300 _aix, 371 páginas :
_c28 cm.
650 _a0
654 _aCIC
942 _cLIB
_dJUS
_fJUS
_2ddc
_n
999 _c23095
_d23095